00500 2200181 4500001002100000005001500021035002000036245005800056100001900114250001300133300003600146260003200182082001000214084001600224020001900240008003900259990002000298INLIS00000000000177220190924090113 a0010-09190000351 aAku Ingin Menjadi Pemadam Kebakaran /cDina Alfiyanti0 aDina Alfiyanti aCet.4.-- a30 hlm. :bIlus. ;c21 x 24 cm. aJakarta :bErlangga,c2019. a808.3 a808.3 DIN a a978602759659-7190924 | | |  a14717/P/BL/2019